| 000 | 00534nam a22001937a 4500 | ||
|---|---|---|---|
| 003 | OSt | ||
| 005 | 20250717121127.0 | ||
| 008 | 130208t xxu||||| |||| 00| 0 eng d | ||
| 020 | _a9781439199190 | ||
| 050 |
_aHF 5386 _b.C37 2010 |
||
| 100 |
_aCarnegie, Dale _eauthor |
||
| 245 |
_aHow to win friends & influence people _cDale Carnegie |
||
| 260 |
_aNew York: _bSimon & Schuster, Inc. _c2010 |
||
| 300 |
_axxv, 276 pages ; _c18cm. |
||
| 562 | _e1 | ||
| 650 | _aBusiness communication. | ||
| 942 |
_2lcc _cBK _kFOR |
||
| 999 |
_c15899 _d15899 |
||